Design of Steel Structures / (Record no. 980)

MARC details
000 -LEADER
fixed length control field 00821nac a22002531u 4500
008 - FIXED-LENGTH DATA ELEMENTS--GENERAL INFORMATION
fixed length control field 081123t1992 nyu|||||r|||| 001 0 eng d
010 ## - LIBRARY OF CONGRESS CONTROL NUMBER
LC control number 91014984
020 ## - INTERNATIONAL STANDARD BOOK NUMBER
International Standard Book Number 0071126236
020 ## - INTERNATIONAL STANDARD BOOK NUMBER
International Standard Book Number 0070230544
020 ## - INTERNATIONAL STANDARD BOOK NUMBER
International Standard Book Number 9780071126236
082 00 - DEWEY DECIMAL CLASSIFICATION NUMBER
Classification number 624.1821
Item number GAY
Edition number 22
100 ## - MAIN ENTRY--PERSONAL NAME
Personal name Gaylord, Edwin Henry.
9 (RLIN) 18680
245 10 - TITLE STATEMENT
Title Design of Steel Structures /
Statement of responsibility, etc Edwin H. Gaylord, Charles N. Gaylord
250 ## - EDITION STATEMENT
Edition statement 3rd ed.
260 ## - PUBLICATION, DISTRIBUTION, ETC. (IMPRINT)
Place of publication, distribution, etc New York :
Name of publisher, distributor, etc McGraw-Hill,
Date of publication, distribution, etc c1992.
300 ## - PHYSICAL DESCRIPTION
Extent xxi, 792 p. :
Other physical details ill. ;
Dimensions 25 cm.
504 ## - BIBLIOGRAPHY, ETC. NOTE
Bibliography, etc Includes bibliographical references and indexes.
650 #0 - SUBJECT ADDED ENTRY--TOPICAL TERM
Topical term or geographic name as entry element Building, Iron and steel.
9 (RLIN) 18681
650 #0 - SUBJECT ADDED ENTRY--TOPICAL TERM
Topical term or geographic name as entry element Aluminum construction.
9 (RLIN) 18682
700 1# - ADDED ENTRY--PERSONAL NAME
Personal name Gaylord, Charles N.
9 (RLIN) 18683
700 1# - ADDED ENTRY--PERSONAL NAME
Personal name Stallmeyer, James E.
9 (RLIN) 18684
740 0# - ADDED ENTRY--UNCONTROLLED RELATED/ANALYTICAL TITLE
Uncontrolled related/analytical title Steel structures.
942 ## - ADDED ENTRY ELEMENTS (KOHA)
Item type Book - Borrowing
Call number prefix 624.1821GAY
Source of classification or shelving scheme Dewey Decimal Classification
Holdings
Withdrawn status Item status Source of classification or shelving scheme Damaged status Not for loan Vendor Home library Current library Shelving location Date acquired Source of acquisition Cost, normal purchase price Total Checkouts Total Renewals Full call number Barcode Date last seen Date last borrowed Cost, replacement price Koha item type
    Dewey Decimal Classification       Central Library Central Library First floor 07/09/2010   275.00 4 14 624.1821 GAY 000003537 15/07/2025 10/02/2016 343.75 Book - Borrowing